International law and the environment
Zapisane w:
| 1. autor: | |
|---|---|
| Format: | Książka |
| Język: | Undetermined |
| Wydane: |
Oxford
Clarendon
1992
|
| Hasła przedmiotowe: | |
| Etykiety: |
Dodaj etykietę
Nie ma etykietki, Dołącz pierwszą etykiete!
|
| Thư viện lưu trữ: | Trung tâm Học liệu Trường Đại học Cần Thơ |
|---|
| LEADER | 00546nam a2200193Ia 4500 | ||
|---|---|---|---|
| 001 | CTU_27163 | ||
| 008 | 210402s9999 xx 000 0 und d | ||
| 020 | |c 88.40 | ||
| 082 | |a 341.762 | ||
| 082 | |b B619 | ||
| 100 | |a Birnie, Patricia W. | ||
| 245 | 0 | |a International law and the environment | |
| 245 | 0 | |c Patricia W. Birnie, Alan E. Boyle | |
| 260 | |a Oxford | ||
| 260 | |b Clarendon | ||
| 260 | |c 1992 | ||
| 650 | |a Environmental law, international | ||
| 904 | |i Minh, Giang sửa | ||
| 980 | |a Trung tâm Học liệu Trường Đại học Cần Thơ | ||